Fiktive Zeitreisende - Statistiken

Allgemein
  • Dieses Quiz wurde 67 mal gespielt
  • Das Durchschnittsergebnis liegt bei 7 aus 10
Antwortstatistiken
Hint Antwort % Korrekt
Hermine Granger Harry Potter
98%
Dr. Emmett Brown Zurück in die Zukunft
87%
T-800 Terminator
85%
Scrat Ice Age
79%
Ebenezer Scrooge Eine Weihnachtsgeschichte
72%
Dr. Leonard „Pille“ McCoy Star Trek
70%
Dr. Evil Austin Powers
67%
Captain Jürgen T. Kork Bullyparade
64%
George Taylor Planet der Affen
52%
Ash J. Williams Tanz der Teufel
52%
Keine übereinstimmenden Quizze gefunden
Verteilung der Resultate
Anzahl Personen mit jedem Resultat
Perzentil nach korrekt beantworteten Fragen
Ihre Resultats-Entwicklung
Sie haben dieses Quiz noch nicht gespielt